What comes after faith? (Record no. 12627)

000 -LEADER
fixed length control field 01299nam a2200277 a 4500
001 - CONTROL NUMBER
control field :::00010436$&:&@@
003 - CONTROL NUMBER IDENTIFIER
control field OkBaRHE
005 - DATE AND TIME OF LATEST TRANSACTION
control field 20110426191758.0
008 - FIXED-LENGTH DATA ELEMENTS--GENERAL INFORMATION
fixed length control field s1992 g 000 0 eng u
020 ## - INTERNATIONAL STANDARD BOOK NUMBER
International Standard Book Number 0892767278
040 ## - CATALOGING SOURCE
Transcribing agency
100 1# - MAIN ENTRY--PERSONAL NAME
Personal name Hagin, Kenneth W., 1939-
245 10 - TITLE STATEMENT
Title What comes after faith?
260 ## - PUBLICATION, DISTRIBUTION, ETC. (IMPRINT)
Place of publication, distribution, etc Tulsa, OK.
Name of publisher, distributor, etc RHEMA Bible Church
Date of publication, distribution, etc 1992
300 ## - PHYSICAL DESCRIPTION
Extent 106 p. ;
Dimensions 22 cm.
650 ## - SUBJECT ADDED ENTRY--TOPICAL TERM
Topical term or geographic name as entry element Christian life
650 ## - SUBJECT ADDED ENTRY--TOPICAL TERM
Topical term or geographic name as entry element Holy Spirit, fruit of
9 (RLIN) 1094
942 ## - ADDED ENTRY ELEMENTS (KOHA)
Source of classification or shelving scheme
Koha item type Books
Copies
Date last seen Shelving location Damaged status Date acquired Permanent Location Source of classification or shelving scheme Lost status Copy number Withdrawn status Price effective from Current Location Not for loan Koha item type Full call number Collection code Barcode
2010-04-14General Stacks 2010-04-14RHEMA Bible Training College  1 2010-04-14  BooksBV 4501 .H355 1992 10436
2010-04-14General Stacks 2010-04-14RHEMA Bible Training College  2 2010-04-14  BooksBV 4501 .H355 1992 14890
2010-04-14General Stacks 2010-04-14RHEMA Bible Training College  3 2010-04-14  BooksBV 4501 .H355 1992 14891
2010-04-14General Stacks 2010-04-14RHEMA Bible Training College  4 2010-04-14  BooksBV 4501 .H355 1992 14892
2010-04-14General Stacks 2010-04-14RHEMA Bible Training College  5 2010-04-14  BooksBV 4501 .H355 1992 14893
2011-04-26General Stacks 2011-04-26RHEMA Bible Training College  6 2011-04-26RHEMA Bible Training College BooksBV 4501 .H355 21714
2011-04-26General Stacks 2011-04-26RHEMA Bible Training College  7 2011-04-26RHEMA Bible Training College BooksBV 4501 .H355Reference14009